Classement Tournoi des 6 Nations 2023. - Statistiques

Statistiques générales
  • Ce quiz a été pris 256 fois
  • Le résultat moyen est 6 sur 6
Statistiques - réponses
Rang Points Points inscrits Nations % Correct
2 20 174 France
100%
1 27 151 Irlande
99%
4 10 100 Angleterre
93%
3 15 118 Écosse
93%
6 1 89 Italie
91%
5 6 84 Pays de Galles
89%
Aucun quiz correspondant
Distribution des résultats
% des personnes avec chaque résultat
Percentile par nombre de réponses
Votre historique - résultats
Vous n’avez pas pris ce quiz